00824nam a2200181 a 450000100100000000500170001000800410002704000250006810000420009324501570013526000520029230000210034470000340036570000530039904900090045295201640046199900170062500003119320200930062749.0110614s1945 dr 000 0 spa d aDO-SdBNPbspacBNPHU1 aPingarrón Hernández, Angel95766313aLa psicología al alcance de todos /cAngel Pingarrón Hernández ; presentación Consuelo Brea Cordero ; prólogo Constancio Bernaldo de Quirós. aSanto Domingo :bImprenta San Francisco,c1945. a390 p. ;c24 cm.1 aBrea Cordero, Consuelo9576641 aQuirós, Constancio Bernaldo devpról.957665 aBNPD 001050718RVaPDbPDcHDd2011-06-14iLF1l0o p31193-10r2020-06-25w2020-06-25y1zPerteneció a la biblioteca personal de Martínez Boog.ZNo se presta c30685d30685